000 00372 a2200169 4500
001 74098
020 _a978851606861-5
040 _cAnchieta - Colégio São Paulo
100 _aLellis, Marcelo
240 1 0 _aMatemática 6º ano
_lpor
245 1 0 _aMatemática 6º ano
300 _a224
362 0 _a2011
440 1 _aModerna
650 4 _aMatemática
942 _cBK
999 _c74098
_d74098